| 000 | 00724nam a2200277Ia 4500 | ||
|---|---|---|---|
| 001 | 2050 | ||
| 005 | 20240113233526.0 | ||
| 007 | ta | ||
| 008 | 050219s2000 a g b000 u eng u | ||
| 020 | _a0-8213-4543-5 | ||
| 040 | _aCotton College,Assam | ||
| 041 | _aeng | ||
| 082 |
_a339.5 _bWB |
||
| 100 | _a, . | ||
| 110 | _aWorld Bank . | ||
| 245 | 0 |
_aGlobal Development Finance: Analysis and Summary Tables / _cWorld Bank. _hTextual Documents |
|
| 250 | _a1st ed. / | ||
| 260 |
_aUSA : _bWorld Bank , _c2000. |
||
| 300 |
_a267p. : _bill ; _c29cm . |
||
| 653 | _aEconomics | ||
| 653 | _aFinance-Global | ||
| 653 | _aReference-Economics | ||
| 942 |
_2ddc _cBK |
||
| 999 |
_c2043 _d2043 |
||